| 000 | 00388cam a2200169ua 4500 | ||
|---|---|---|---|
| 020 | _c2.00 | ||
| 041 |
_ahin _h |
||
| 082 |
_a891.54 _bNAR/HA |
||
| 100 | _aNarendra, Sharma . | ||
| 245 |
_aHamsmala / _cNarendra Sharma. _hTextual Documents |
||
| 260 |
_a : _bBharati Bhandar , _c1963. |
||
| 300 | _a72 ; . | ||
| 365 | _a2.00 | ||
| 504 | _a | ||
| 942 | _cBK | ||
| 999 |
_c8177 _d8177 |
||